Southville International School and Colleges
Your cart is empty.
  • Cart
  • Lists
    Public lists Eva Luna New books Lux_list list_1
    Your lists Log in to create your own lists
  • Log in to your account
  • Your cookies
  • Search history
Southville International School and Colleges
  • Advanced search
  • Recent comments
  • Most popular
  • Libraries

Log in to your account

Log in with GOOGLE


If you do not have an external account, but do have a local account, you can still log in:

  1. Home
  2. MARC view: How to write and deliver effective speeches /
Normal view MARC view ISBD view

How to write and deliver effective speeches / (Record no. 288201)

[ view plain ]
MARC details
000 -LEADER
fixed length control field 00509nam a2200157Ia 4500
008 - FIXED-LENGTH DATA ELEMENTS--GENERAL INFORMATION
fixed length control field 150610s9999 xx 000 0 und d
020 ## - INTERNATIONAL STANDARD BOOK NUMBER
International Standard Book Number 0 768909244
050 ## - LIBRARY OF CONGRESS CALL NUMBER
Classification number PN4129.15
Item number .M38 2002
100 ## - MAIN ENTRY--PERSONAL NAME
Personal name McManus, Judith A
245 ## - TITLE STATEMENT
Title How to write and deliver effective speeches /
Statement of responsibility, etc Judith A. McManus.
250 ## - EDITION STATEMENT
Edition statement 4th ed.
260 ## - PUBLICATION, DISTRIBUTION, ETC. (IMPRINT)
Place of publication, distribution, etc Lawrenceville, NJ :
Name of publisher, distributor, etc Thomson /Arco,
Date of publication, distribution, etc 2002.
300 ## - PHYSICAL DESCRIPTION
Extent 101pages :
Other physical details illustrations ;
Dimensions 21 cm.
504 ## - BIBLIOGRAPHY, ETC. NOTE
Bibliography, etc "Second edition"--T.p. verso.
520 ## - SUMMARY, ETC.
Summary, etc Public speaking.
Holdings
Withdrawn status Lost status Damaged status Home library Current library Shelving location Date acquired Total Checkouts Full call number Barcode Date last seen Price effective from Koha item type
      Stonyhurst Southville International School (Batangas) Stonyhurst Southville International School (Batangas) High School Section 06/10/2015   PN4129.15.M38 2002 US-0324 06/10/2015 06/10/2015 Books

How to write and deliver effective speeches /

APA

McManus J. A., . (2002). How to write and deliver effective speeches. Lawrenceville, NJ: Thomson /Arco.

Chicago

McManus Judith A, . 2002. How to write and deliver effective speeches. Lawrenceville, NJ: Thomson /Arco.

Harvard

McManus J. A., . (2002). How to write and deliver effective speeches. Lawrenceville, NJ: Thomson /Arco.

MLA

McManus Judith A, . How to write and deliver effective speeches. Lawrenceville, NJ: Thomson /Arco. 2002.

  • Place hold
  • Print
  • Cite
  • Add to your cart (remove)
  • Save record
    BIBTEX Dublin Core MARCXML MARC (non-Unicode/MARC-8) MARC (Unicode/UTF-8) MARC (Unicode/UTF-8, Standard) MODS (XML) RIS
  • More searches
    Search for this title in:
    Other Libraries (WorldCat) Other Databases (Google Scholar) Online Stores (Bookfinder.com) Open Library (openlibrary.org)

Exporting to Dublin Core...

SOUTHVILLE LIBRARY

Southville International School and Colleges Library

1281 Tropical Ave. Cor. Luxembourg St., BF Homes International, Las Pinas City

Tel. No. 8256374 / 252358 Loc. 117/146

Powered by Koha